| 000 | 01041cam a2200301 a 4500 | ||
|---|---|---|---|
| 001 | 17234388 | ||
| 005 | 20170105102350.0 | ||
| 008 | 120330s2012 maua b 001 0 eng | ||
| 010 | _a 2012007249 | ||
| 020 | _a9780262018258 (hardcover : alk. paper) | ||
| 040 |
_aDLC _cDLC _dDLC |
||
| 042 | _apcc | ||
| 050 | 0 | 0 |
_aQ325.5 _b.M64 2012 |
| 082 | 0 | 0 |
_a006.31 _223 |
| 100 | 1 | _aMohri, Mehryar. | |
| 245 | 1 | 0 |
_aFoundations of machine learning _cMehryar Mohri, Afshin Rostamizadeh, and Ameet Talwalkar. |
| 260 |
_aCambridge, MA : _bMIT Press, _cc2012. |
||
| 300 |
_axii, 414 p. : _bill., ; _c23cm. |
||
| 490 | 0 | _aAdaptive computation and machine learning series | |
| 504 | _aIncludes bibliographical references and index. | ||
| 650 | 0 | _aMachine learning. | |
| 650 | 0 | _aComputer algorithms. | |
| 700 | 1 | _aRostamizadeh, Afshin. | |
| 700 | 1 | _aTalwalkar, Ameet. | |
| 906 |
_a7 _bcbc _corignew _d1 _eecip _f20 _gy-gencatlg |
||
| 942 |
_2ddc _cBK |
||
| 999 |
_c11874 _d11874 |
||